logo

Bir Sreshtho Munshi Abdur Rouf Library
Jhenaidah Cadet College

It makes you think : (Record no. 6481)

MARC details
000 -LEADER
fixed length control field 00682nam a22002413a 4500
001 - CONTROL NUMBER
JCCL Control Number 6481
003 - CONTROL NUMBER IDENTIFIER
JCCL marc code BD-JhCC
005 - DATE AND TIME OF LATEST TRANSACTION
control field 20180123185444.0
008 - FIXED-LENGTH DATA ELEMENTS--GENERAL INFORMATION
fixed length control field 860101s1963 xx a 000 0 eng d
035 ## - SYSTEM CONTROL NUMBER
system control number (BD-JhCC)6481
040 ## - CATALOGING SOURCE
Original cataloging agency EQO
Transcribing agency EQO
Modifying agency BD-JhCC
041 ## - LANGUAGE CODE
Language code of Book eng
082 ## - DEWEY DECIMAL CLASSIFICATION NUMBER
Classification number 428.24
Author mark and Year FOZ 1963
100 1# - MAIN ENTRY--PERSONAL NAME
Personal name Fozzard, Peter Rathmell.
245 10 - TITLE STATEMENT
Title It makes you think :
Remainder of title exercises in the use of English for the young adult
Statement of responsibility, etc P. R. Fozzard
260 ## - PUBLICATION, DISTRIBUTION, ETC. (IMPRINT)
Place of publication, distribution, etc Lond,
Date of publication, distribution, etc 1963.
Name of publisher, distributor, etc Evans Brothers Limited :
300 ## - PHYSICAL DESCRIPTION
Pagination 142 p. :
Other physical details ill.;
Dimensions 21 cm.
490 1# - SERIES STATEMENT
Series statement Gen. course ser
650 ## - SUBJECT ADDED ENTRY--TOPICAL TERM
Topical term or geographic name as entry element English Language
General subdivision Grammar
830 #0 - SERIES ADDED ENTRY--UNIFORM TITLE
Uniform title Gen. course ser
942 ## - ADDED ENTRY ELEMENTS (KOHA)
Source of classification or shelving scheme Dewey Decimal Classification
Koha item type Books
Holdings
Source of classification or shelving scheme Damaged status Not for loan Home library Current library Shelving location Date of accession Total Checkouts Full call number Barcode Date last seen Copy number Koha item type
Dewey Decimal Classification     JCC Rouf Library JCC Rouf Library General Stacks 01/23/2018   428.24 FOZ 1963 8690 01/23/2018 C-1 Books

JCC Library | Contacts | JCC Home

Last Update on 23 September 2017
Copyright @ 2017-2020 JCC Rouf Library
Rouf Library, Jhenidah Cadet College (JCC), Bangladesh